Normal view
MARC view
- Amber Abdullah
Entry Personal Name
001 - CONTROL NUMBER
- control field: 7515
003 - CONTROL NUMBER IDENTIFIER
- control field: NUST
005 - DATE AND TIME OF LATEST TRANSACTION
- control field: 20171222111407.0
008 - FIXED-LENGTH DATA ELEMENTS
- fixed length control field: 171222|| aca||aabn | a|a d
040 ## - CATALOGING SOURCE
- Original cataloging agency: NUST
- Transcribing agency: NUST
100 ## - HEADING--PERSONAL NAME
- Personal name: Amber Abdullah
670 ## - SOURCE DATA FOUND
- Source citation: Work cat.: (NUST): Amber Abdullah, Design and implementation of a radio repeater for wireless applications, 2017
